| 000 | 00000nas 2200000za 4500 |
| 001 | 9.502865 |
| 003 | CaOODSP |
| 005 | 20230918105539 |
| 007 | cr ||||||||||| |
| 008 | 150406d20052006xxc|| p o||||f| |0fre|d |
| 022 | |a1910-3247 |
| 040 | |aCaOODSP|bfre |
| 043 | |an-cn--- |
| 086 | 1 |aCW70-17F-PDF |
| 245 | 10|aRapport annuel du RESCAPÉ : |brétablissement des espèces canadiennes en péril. |
| 264 | 1|aOttawa, Ontario : |bEnvironnement Canada |
| 310 | |aAnnuel |
| 362 | 1 |aParaît depuis [n°] 15 (2004-2005); ne paraît plus après [nº] 16 (2005-2006). |
| 691 | 07|aEspèce menacée|2gcpds |
| 710 | 2 |aService canadien de la faune, |eorganisme de publication. |
| 775 | 08|tRENEW annual report : |w(CaOODSP)9.506470 |
| 780 | 00|tRENEW annual report - Recovery of Nationally Endangered Wildlife / |w(CaOODSP)9.500573 |